000 00316nam a22001337a 4500
008 170620b xxu||||| |||| 00| 0 eng d
020 _a0819144258
041 _aeng
080 _a32
100 _a20
101 _aSHP
245 _aMORALISM AND MORALITY IN POLITICS AND DIPLOMACY
_cTHOMPSON, K.W
942 _2udc
_cBK
999 _c18297
_d18297